Specification of Large Language Models' abilities aiming to address Slovak language comprehension

Salvato in:
Dettagli Bibliografici
Autore principale: Okasová, Kristína (Autore)
Altri autori: Košťál, Kristián (Relatore della tesi)
Natura: Manoscritto Libro
Lingua:slovacco
inglese
Pubblicazione: 2025
Soggetti:
Accesso online:http://is.stuba.sk/zp/portal_zp.pl?podrobnosti=183604
Tags: Aggiungi Tag
Nessun Tag, puoi essere il primo ad aggiungerne!!

MARC

LEADER 00000ntm a22000003a 4500
001 stuzp105844
003 SK-STU
005 20250607211816.6
007 ta
008 150427s2015----xo-----f-mn---000-0-slo-d
040 |a STU  |b slo 
041 0 |a eng 
100 1 |a Okasová, Kristína  |u 070400  |4 aut  |U FIIT Fakulta informatiky a informačných technológií  |T FIIT Ústav počítačového inžinierstva a aplikovanej informatiky  |X 103073  |U I400  |Y 672  |7 103073 
242 0 1 |a Špecifikácia schopností veľkých jazykových modelov zameraných na porozumenie slovenskému jazyku  |y slo 
245 1 0 |a Specification of Large Language Models' abilities aiming to address Slovak language comprehension 
260 |c 2025 
650 4 |a Llama 3.1  |2 eng 
650 4 |a low-resource languages  |2 eng 
650 4 |a Large Language Model  |2 eng 
650 4 |a Fine-tuning process  |2 eng 
650 4 |a Transformer architecture  |2 eng 
650 4 |a Slovak language comprehension  |2 eng 
650 4 |a Porozumenie slovenského jazyka  |2 slo 
650 4 |a Veľký jazykový model  |2 slo 
650 4 |a Llama 3.1  |2 slo 
650 4 |a Jazyky s nízkym počtom zdrojov  |2 slo 
650 4 |a Proces fine-tuningu  |2 slo 
650 4 |a Architektúra Transformer  |2 slo 
700 1 |a Košťál, Kristián  |u 070400  |k Z1  |4 ths  |U FIIT Fakulta informatiky a informačných technológií  |T FIIT Ústav počítačového inžinierstva a aplikovanej informatiky  |X 52559  |U I400  |Y 672  |7 52559 
856 4 |u http://is.stuba.sk/zp/portal_zp.pl?podrobnosti=183604